000 00742nam a2200253Ia 4500
003 OSt
005 20220928114730.0
006 a|||||r|||| 00| 0
007 ta
008 220927b |||||||| |||| 00| 0 eng d
024 _a59465
037 _cTextual
040 _aSDCL
_cSDCL
_beng
041 _2eng
_aeng
082 _aYX.3'N8, M0
100 _aHenderson Paul Ed.
_9440627
245 0 _aBoundaries of change in community work.
260 _aLondon
_bGeorge Allen and Unwin
_c1980
300 _ax,243p.
_ccm.
700 _a Jones David Ed.
_9440628
700 _a Thomas David N Ed.
_9440629
942 _hYX.3'N8, M0
_cTEXL
_2CC
999 _c756185
_d756185